LEADER 00956nam a2200241 i 4500 001 991001820229707536 008 031007s1998 xxu b 001 0 eng d 020 $a0765807262 035 $ab12201947-39ule_inst 040 $aISUFI - Sett. Diritti e Politiche Euromediterranee$bita 082 0 $a351.09 100 1 $aRaadschelders, J. C. N.$0451819 245 10$aHandbook of administrative history /$cJos C.N. Raadschelders 260 $aNew Brunswick, N.J. :$bTransaction Publishers,$cc1998 300 $axviii, 372 p. :$bill. ;$c24 cm 504 $aBibliografia (p.279-363) e indice 650 4$aPubblica amministrazione$xStoria 907 $a.b12201947$b04-10-06$c07-10-03 912 $a991001820229707536 945 $aLE029 351 RAA01.01$g1$i2029000003888$lle029$op$pE46.38$q-$rn$so $t0$u0$v0$w0$x0$y.i12809159$z08-10-03 996 $aHandbook of administrative history$9157860 997 $aUNISALENTO 998 $ale029$b07-10-03$cm$da $e-$feng$gxxu$h0$i1 LEADER 02364nam 2200589 a 450 001 9910781991203321 005 20170815150201.0 010 $a1-118-12074-4 010 $a1-283-29476-1 010 $a9786613294760 010 $a1-118-12072-8 035 $a(CKB)2550000000055685 035 $a(EBL)697651 035 $a(OCoLC)791587854 035 $a(SSID)ssj0000536449 035 $a(PQKBManifestationID)12202351 035 $a(PQKBTitleCode)TC0000536449 035 $a(PQKBWorkID)10549780 035 $a(PQKB)11431300 035 $a(CaSebORM)9780470906033 035 $a(MiAaPQ)EBC697651 035 $a(EXLCZ)992550000000055685 100 $a20110810d2012 uy 0 101 0 $aeng 135 $aur|n|---||||| 181 $ctxt 182 $cc 183 $acr 200 10$aEveryone leads$b[electronic resource] $ebuilding leadership from the community up /$fPaul Schmitz 205 $a1st ed. 210 $aSan Francisco $cJossey-Bass$dc2012 215 $a1 online resource (338 p.) 300 $aDescription based upon print version of record. 311 $a0-470-90603-0 320 $aIncludes bibliographical references and index. 327 $apt. 1. About public allies and the concept that everyone leads -- pt. 2. The five core public allies leadership values. 330 $a"Based on a proven leadership model, Everybody Leads shows how leadership can be found in uncommon places and reveals how to inspire and cultivate the leadership of those focused on social change. It shows how to take responsibility to work with developing leaders to make a difference and outlines the five key leadership values. Sponsored by Public Allies, the book helps leaders to connect across cultures, facilitate collaborative action, recognize and mobilize all of a community's assets, continuously learn, and be accountable to those they work with and those they serve"--$cProvided by publisher. 606 $aLeadership 606 $aCommunity leadership 615 0$aLeadership. 615 0$aCommunity leadership. 676 $a303.3/4 676 $a303.34 686 $aBUS071000$2bisacsh 700 $aSchmitz$b Paul$f1969-$01536515 801 0$bMiAaPQ 801 1$bMiAaPQ 801 2$bMiAaPQ 906 $aBOOK 912 $a9910781991203321 996 $aEveryone leads$93785342 997 $aUNINA